000 01446cam a2200421 a 4500
999 _c515
_d515
001 14665539
003 GZU
005 20200902154250.0
008 061211s2008 enka b 001 0 eng
010 _a 2006100287
015 _aGBA716100
_2bnb
016 7 _a013683259
_2Uk
020 _a0415359740 (hbk.)
020 _a0415359759 (pbk.)
020 _a0203007700 (ebk.)
020 _a9780415359740 (hbk.)
020 _a9780415359757 (pbk.)
020 _a9780203007709 (ebk.)
035 _a(OCoLC)ocm77485802
035 _a(OCoLC)77485802
_z(OCoLC)179823173
040 _aDLC
_cDLC
_dBTCTA
_dBAKER
_dBWKUK
_dYDXCP
_dUKM
_dBWK
_dDLC
050 0 0 _aCC165
_b.G23 2008
082 0 0 _a930.1
_222
100 1 _aGamble, Clive.
245 1 0 _aArchaeology :
_bthe basics /
_cClive Gamble.
250 _a2nd ed.
260 _aLondon ;
_aNew York :
_bRoutledge,
_c2008.
300 _axi, 255 p. :
_bill. ;
_c21 cm.
440 0 _aRoutledge student reference
504 _aIncludes bibliographical references (p. [218]-238) and index.
650 0 _aArchaeology.
650 0 _aArchaeology
_xPhilosophy.
650 0 _aArchaeology
_xHistory.
856 4 1 _3Table of contents only
_uhttp://www.loc.gov/catdir/toc/ecip076/2006100287.html
906 _a7
_bcbc
_corignew
_d1
_eecip
_f20
_gy-gencatlg
942 _2lcc
_cBK
_e2nd ed.
_h165
_iGAM
_kCC
_m2008